书目信息 |
| 题名: |
2006中国投资发展报告
|
|
| 作者: | ;上海财经大学投资研究所 编 | |
| 分册: | ||
| 出版信息: | 上海 上海财经大学出版社 2006.08 |
|
| 页数: | 482页 | |
| 开本: | 23cm | |
| 丛书名: | ||
| 单 册: | ||
| 中图分类: | F127.653 , F832.48-1 | |
| 科图分类: | ||
| 主题词: | 投资--tou zi--研究报告--中国--2006 , 金融 , 银行 | |
| 电子资源: | ||
| ISBN: | 7-81098-687-2 | |
| 000 | 01124nam0 2200277 450 | |
| 001 | 012007346961 | |
| 005 | 20070521160956.51 | |
| 010 | @a7-81098-687-2@dCNY50.00 | |
| 100 | @a20070318d2006 km y0chiy0120 ea | |
| 101 | 0 | @achi |
| 102 | @aCN@b310000 | |
| 105 | @aa a 000yy | |
| 200 | 1 | @a2006中国投资发展报告@A2006 zhong guo tou zi fa zhan bao gao@e可持续发展的开发区@f上海财经大学投资研究所编@Fshang hai cai jing da xue tou zi yan jiu suo bian |
| 210 | @a上海@c上海财经大学出版社@d2006.08 | |
| 215 | @a482页@c图@d23cm | |
| 320 | @a有书目 (第474-482页)。 | |
| 330 | @a本书为可持续发展中的开发区专题报告,也是中国投资发展系列年度报告中的第7部。全书分为三变:第一编主要对2005~2006年度的中国固定资产投资、金融投资和国际投资的运行情况进行总体描述、评价及展望。 | |
| 517 | 1 | @a可持续发展的开发区@Ake chi xu fa zhan de kai fa qu |
| 606 | 0 | @a投资@Atou zi@x研究报告@y中国@z2006 |
| 606 | 0 | @a金融 |
| 606 | 0 | @a银行 |
| 690 | @aF127.653@v4 | |
| 690 | @aF832.48-1@v3 | |
| 711 | 02 | @a上海财经大学投资研究所@Ashang hai cai jing da xue tou zi yan jiu suo@4编 |
| 801 | 0 | @aCN@c20070521 |
| 905 | @a10447@dF832.48-1@eS201 | |
| 2006中国投资发展报告:可持续发展的开发区/上海财经大学投资研究所编.-上海:上海财经大学出版社,2006.08 |
| 482页:图;23cm |
| ISBN 7-81098-687-2:CNY50.00 |
| 本书为可持续发展中的开发区专题报告,也是中国投资发展系列年度报告中的第7部。全书分为三变:第一编主要对2005~2006年度的中国固定资产投资、金融投资和国际投资的运行情况进行总体描述、评价及展望。 |
| ● |
| 相关链接 |
|
|
|
正题名:2006中国投资发展报告
索取号:F832.48-1/S201
 
预约/预借
| 序号 | 登录号 | 条形码 | 馆藏地/架位号 | 状态 | 备注 |
| 1 | 238033 | 202380333 | 社科库409/409社科库 54排3列4层/ [索取号:F832.48-1/S201] | 在馆 |